000 00480nam a2200157Ia 4500
008 100122s9999 xx 000 0 und d
082 _b74029
_aB954
100 _aRAMAN RAJEE
245 _aASHOKA THE GREAT AND OTHER STORIES FROM INDIAN HISTORY
250 _a1
260 _bSEASONS PUBLICATION
_c2003
300 _a133
630 _aASHOKA THE GREAT AND OTHER STORIES FROM INDIAN HISTORY
730 _aASHOKA THE GREAT AND OTHER STORIES FROM INDIAN HISTORY
942 _cBOOK
999 _c390024
_d390021